| 000 | 00644nam a2200229 a 4500 | ||
|---|---|---|---|
| 005 | 20151125020002.0 | ||
| 008 | 140220b1996 ck ||||| |||| 00| 0 spa d | ||
| 020 | _a9589129412 | ||
| 041 | _aspa | ||
| 044 | _ack | ||
| 082 |
_a581.986 _bP43p |
||
| 100 |
_aPérez Arbeláez, Enrique _93802 |
||
| 245 | _aPlantas útiles de Colombia | ||
| 250 | _a4 ed. | ||
| 260 |
_aBogotá _bDAMA _bFondo FEN _bJardín Botánico de Bogotá José Celestino Mutis _c1996 |
||
| 300 | _a831 p. | ||
| 650 |
_aPlantas útiles _926267 |
||
| 650 |
_aEtnobotánica _926268 |
||
| 650 |
_aAngiospermae _97277 |
||
| 650 |
_aGimnospermae _97278 |
||
| 942 |
_cImpreso _2ddc _04 |
||
| 999 |
_c309 _d309 |
||